MARC details
| 000 -CABECERA |
| campo de control de longitud fija |
01480cas a2200301 a 4500 |
| 003 - IDENTIFICADOR DEL NÚMERO DE CONTROL |
| campo de control |
DLC |
| 005 - FECHA Y HORA DE LA ÚLTIMA TRANSACCIÓN |
| campo de control |
20250606091842.0 |
| 006 - ELEMENTOS DE LONGITUD FIJA – CARACTERÍSTICAS DE MATERIALES ADICIONALES – INFORMACIÓN GENERAL |
| campo de control de longitud fija |
s|||||o|||| 00| 0 |
| 008 - ELEMENTOS DE LONGITUD FIJA--INFORMACIÓN GENERAL |
| campo de control de longitud fija |
140507c2003 ck r1p o 0 0spa d |
| 022 ## - NÚMERO INTERNACIONAL NORMALIZADO PARA PUBLICACIONES SERIADAS |
| Número Internacional Normalizado para Publicaciones Seriadas |
1909-9711 |
| 035 ## - NÚMERO DE CONTROL DEL SISTEMA |
| Número de control de sistema |
UPN01000197039 |
| 040 ## - FUENTE DE LA CATALOGACIÓN |
| Centro catalogador/agencia de origen |
MX-MxUPN |
| Lengua de catalogación |
spa |
| Centro/agencia transcriptor |
MX-MxUPN |
| Normas de descripción |
aacr2 |
| 049 ## - COLECCIÓN |
| Colección |
REV-E |
| 245 00 - MENCIÓN DE TÍTULO |
| Título |
Acta colombiana de psicología |
| Medio |
[recurso electrónico en línea] |
| 260 ## - PUBLICACIÓN, DISTRIBUCIÓN, ETC. |
| Lugar de publicación, distribución, etc. |
Colombia : |
| Nombre del editor, distribuidor, etc. |
Universidad Católica de Colombia, |
| Fecha de publicación, distribución, etc. |
2003- |
| 310 ## - FRECUENCIA ACTUAL DE LA PUBLICACION |
| Periodicidad actual |
Semestral |
| 506 0# - NOTA DE RESTRICCIONES AL ACCESO |
| Limitaciones de acceso |
Acceso abierto |
| 510 0# - NOTA DE CITAS O REFERENCIAS BIBLIOGRÁFICAS |
| Nombre de la fuente |
Latindex |
| 510 0# - NOTA DE CITAS O REFERENCIAS BIBLIOGRÁFICAS |
| Nombre de la fuente |
Redalyc |
| 510 0# - NOTA DE CITAS O REFERENCIAS BIBLIOGRÁFICAS |
| Nombre de la fuente |
Dialnet |
| 520 3# - NOTA DE RESUMEN, ETC. |
| Sumario, etc. |
"Es una publicación científica dedicada a publicar hallazgos originales de las investigaciones en Psicología y de esta disciplina en diálogo con otras, con el propósito de divulgarlas a la comunidad universitaria y a todas las personas interesadas en conocer sus nuevos avances y aplicaciones a distintos campos y necesidades de la sociedad contemporánea. Sus artículos presentan los resultados de investigaciones rigurosas y debidamente documentadas, revisados previamente por pares idóneos y seleccionados por el Comité Editorial". |
| Ampliación de la nota de sumario |
Acta colombiana de psicología |
| 530 ## - NOTA DE FORMATO FÍSICO ADICIONAL DISPONIBLE |
| Nota de formato físico adicional disponible |
Disponibles algunos fascículos impresos |
| 650 #4 - ASIENTO SECUNDARIO DE MATERIA - TERMINO TEMATICO |
| Término de materia o nombre geográfico como elemento de entrada |
Psicología |
| 9 (RLIN) |
38 |
| 856 40 - LOCALIZACIÓN Y ACCESO ELECTRÓNICOS |
| Identificador Uniforme del Recurso |
<a href="http://editorial.ucatolica.edu.co/ojsucatolica/revistas_ucatolica/index.php/acta-colombiana-psicologia/">http://editorial.ucatolica.edu.co/ojsucatolica/revistas_ucatolica/index.php/acta-colombiana-psicologia/</a> |
| 902 ## - ELEMENTOS DE DATOS B LOCAL, LDB (RLIN) |
| Creó |
Gloria Jiménez/060625 |
| 905 ## - TIPO DE MATERIAL |
| Tipo de material |
Revista |
| 942 ## - ELEMENTOS DE PUNTO DE ACCESO ADICIONAL (KOHA) |
| Tipo de ítem Koha |
Revista Electrónica |